000
00291nam a22001337a 4500
020
_a
0-7506-0817-X
082
_a
380.1 WHI'C
100
_a
WHITEHEAD, GEOFFREY
_9
75048
245
_a
COMMERCE
250
_a
12TH
260
_a
OXFORD
_b
MADE SIMPLE BOOK
_c
1993
300
_a
402P
942
_c
BK
999
_c
580540
_d
580540